Dung sai và lắp ghép

Guardado en:
Detalles Bibliográficos
Autor principal: Ninh Đức Tốn
Formato: Libro
Lenguaje:Vietnamese
Publicado: Giáo Dục 2013
Materias:
Etiquetas: Agregar Etiqueta
Sin Etiquetas, Sea el primero en etiquetar este registro!
Thư viện lưu trữ: Mạng thư viện Đại học Đà Nẵng
LEADER 00949nam a2200325 a 4500
001 000001746
003 01404
005 20171229145311.0
008 171229s2013 vie
040 |a LSK 
041 0 |a VIE 
082 0 |a 620  |b NI-T 
100 1 |a Ninh Đức Tốn 
245 0 0 |a Dung sai và lắp ghép 
260 |b Giáo Dục  |c 2013 
300 |a 175 pages  |c 27 cm. 
653 |a Dung sai 
653 |a Lắp ghép 
852 |a Phòng Đọc 
901 |a 1 
927 |a Sách chuyên khảo 
OWN |a LSK 
AVA |a UDN50  |b LSK  |d 620 NI-T  |e available  |t Error 5001 Not defined in file expand_doc_bib_avail.  |f 1  |g 0  |h N  |i 1  |k 1 
999 |a From the UDN01 
AVA |a UDN50  |b LSK  |d 620 NI-T  |e available  |t Error 5001 Not defined in file expand_doc_bib_avail.  |f 1  |g 0  |h N  |i 1  |k 1 
TYP |a Monograph 
TYP |a Printed language 
980 |a Mạng thư viện Đại học Đà Nẵng